International focus on Saudi Arabia (Record no. 112380)

MARC details
000 -LEADER
fixed length control field 01201cad a22002175a 4500
001 - CONTROL NUMBER
control field L153113
008 - FIXED-LENGTH DATA ELEMENTS--GENERAL INFORMATION
fixed length control field 110609s2011 xxk 000 0 eng d
035 ## - SYSTEM CONTROL NUMBER
System control number (Sirsi) u153113
041 0# - LANGUAGE CODE
Language code of text/sound track or separate title eng
100 1# - MAIN ENTRY--PERSONAL NAME
Personal name Moore, Paul
110 2# - MAIN ENTRY--CORPORATE NAME
Corporate name or jurisdiction name as entry element EC Harris
9 (RLIN) 4930
245 00 - TITLE STATEMENT
Title International focus on Saudi Arabia
Remainder of title Spring 2011
Medium [electronic resource]
260 ## - PUBLICATION, DISTRIBUTION, ETC.
Place of publication, distribution, etc. [S.l.]
Name of publisher, distributor, etc. ECHarris
Date of publication, distribution, etc. 2011
520 ## - SUMMARY, ETC.
Summary, etc. Discusses the investment opportunities resulting from economic and population growth; the construction sector is the third largest sector of the Saudi economy after hydrocarbons and ICT and has experienced rapid growth in recent years; the housing sector will be one of the strongest sectors going forward as the government plans to invest heavily in affordable housing; approximately 80% of materials used on construction projects in the Kingdom of Saudi Arabia are typically sourced from within the Kingdom.
590 ## - LOCAL NOTE (RLIN)
Local note KA NTK
651 #4 - SUBJECT ADDED ENTRY--GEOGRAPHIC NAME
Geographic name Saudi Arabia
690 ## - LOCAL SUBJECT ADDED ENTRY--TOPICAL TERM (OCLC, RLIN)
Topical term or geographic name as entry element BUILT ENVIRONMENT-CONSTRUCTION MARKET
700 1# - ADDED ENTRY--PERSONAL NAME
Personal name Morris, Colin
856 40 - ELECTRONIC LOCATION AND ACCESS
Uniform Resource Identifier <a href="https://www.echarris.com/pdf/7934_International%20Focus%20Saudi%20Arabia%20FINAL.pdf">https://www.echarris.com/pdf/7934_International%20Focus%20Saudi%20Arabia%20FINAL.pdf</a>
Public note View the item free of charge at www.echarris.com
942 ## - ADDED ENTRY ELEMENTS (KOHA)
Suppress in OPAC 0
Holdings
Withdrawn status Lost status Source of classification or shelving scheme Damaged status Not for loan Home library Current library Shelving location Date acquired Total Checkouts Full call number Barcode Date last seen Copy number Price effective from Koha item type
    Dewey Decimal Classification     Virtual Virtual Online 09/06/2011   ONLINE PUBLICATION 153113-2001 06/08/2019 1 06/08/2019 Book